MARC details
| 000 -LEADER |
| campo de control de longitud fija |
01157nam a22003617a 4500 |
| 001 - NÚMERO DE CONTROL |
| campo de control |
002089 |
| 003 - IDENTIFICADOR DE NÚMERO DE CONTROL |
| campo de control |
CoMeUDC002089 |
| 005 - FECHA Y HORA DE LA ÚLTIMA TRANSACCIÓN |
| campo de control |
20190114155501.0 |
| 008 - DATOS DE LONGITUD FIJA--INFORMACIÓN GENERAL |
| campo de control de longitud fija |
100912s2012 ec l 000 0 spa |
| 010 ## - NÚMERO DE CONTROL DE LA BIBLIOTECA DEL CONGRESO |
| Número de control de LC |
2013442307 |
| 020 ## - NÚMERO INTERNACIONAL ESTÁNDAR DEL LIBRO |
| Número Internacional Estándar del Libro |
9978864229 |
| 035 ## - NÚMERO DE CONTROL DEL SISTEMA |
| Número de control de sistema |
(PE-LiEIC)it201000002823 |
| 040 ## - FUENTE DE CATALOGACIÓN |
| Centro catalogador/agencia de origen |
DLC |
| Lengua de catalogación |
eng |
| Normas de descripción |
rda |
| Centro/agencia transcriptor |
CoMeUDC |
| 042 ## - CÓDIGO DE AUTENTICACIÓN |
| Código de autenticación |
pcc |
| 043 ## - CÓDIGO DE ÁREA GEOGRÁFICA |
| Código de área geográfica |
s-ec--- |
| 050 00 - SIGNATURA TOPOGRÁFICA DE LA BIBLIOTECA DEL CONGRESO |
| Número de clasificación |
KHK1214 |
| Número de ítem |
2012 |
| 082 ## - NÚMERO DE LA CLASIFICACIÓN DECIMAL DEWEY |
| Número de clasificación |
346.086 |
| Número de ítem |
E19r |
| 110 1# - ENTRADA PRINCIPAL--NOMBRE DE ENTIDAD CORPORATIVA |
| Nombre de entidad corporativa o nombre de jurisdicción como elemento de entrada |
Ecuador, |
| 245 10 - MENCIÓN DEL TÍTULO |
| Título |
Régimen legal de seguros : |
| Resto del título |
legislación conexa / |
| 250 ## - MENCION DE EDICION |
| Mención de edición |
Actualizada a septiembre de 2012. |
| 264 #1 - PRODUCCIÓN, PUBLICACIÓN, DISTRIBUCIÓN, FABRICACIÓN Y COPYRIGHT |
| Producción, publicación, distribución, fabricación y copyright |
Quito, Ecuador : |
| Nombre del de productor, editor, distribuidor, fabricante |
CEP, Corporación de Estudios y Publicaciones, |
| Fecha de producción, publicación, distribución, fabricación o copyright |
2012. |
| 300 ## - DESCRIPCIÓN FÍSICA |
| Extensión |
1 volume (various pagings) . ; |
| Dimensiones |
21 cm. |
| 336 ## - TIPO DE CONTENIDO |
| Término de tipo de contenido |
text |
| Código de tipo de contenido |
txt |
| Fuente |
rdacontent |
| 337 ## - TIPO DE MEDIO |
| Nombre/término del tipo de medio |
unmediated |
| Código del tipo de medio |
n |
| Fuente |
rdamedia |
| 338 ## - TIPO DE SOPORTE |
| Nombre/término del tipo de soporte |
volume |
| Código del tipo de soporte |
nc |
| Fuente |
rdacarrier |
| 490 0# - MENCIÓN DE SERIE |
| Mención de serie |
Legislación Codificada. Profesional |
| 500 ## - NOTA GENERAL |
| Nota general |
"VII, 4"--Spine. |
| 650 #0 - PUNTO DE ACCESO ADICIONAL DE MATERIA--TÉRMINO DE MATERIA |
| Término de materia o nombre geográfico como elemento de entrada |
Ley de seguros. |
| Subdivisión geográfica |
Ecuador. |
| 9 (RLIN) |
1033 |
| 710 2# - ENTRADA AGREGADA--NOMBRE DE ENTIDAD CORPORATIVA |
| Nombre de entidad corporativa o nombre de jurisdicción como elemento de entrada |
Corporación de Estudios y Publicaciones. |
| 906 ## - ELEMENTOS DE DATOS F LOCAL, LDF (RLIN) |
| a |
7 |
| b |
cbc |
| c |
origres |
| d |
2 |
| e |
ncip |
| f |
20 |
| g |
y-gencatlg |
| 942 ## - ELEMENTOS DE ENTRADA SECUNDARIOS (KOHA) |
| Fuente del sistema de clasificación o colocación |
Clasificación Decimal Dewey |
| Tipo de ítem Koha |
Libros |